Sản xuất thử nghiệm: Giống cây Dâu tây, Salem và Địa lan tại Đà Lạt bằng công nghệ nuôi cấy mô quang tự dưỡng /
Tallennettuna:
| Päätekijä: | |
|---|---|
| Muut tekijät: | |
| Aineistotyyppi: | Artikkeli |
| Kieli: | Vietnamese |
| Tagit: |
Lisää tagi
Ei tageja, Lisää ensimmäinen tagi!
|
| Thư viện lưu trữ: | Thư viện Trường Đại học Đà Lạt |
|---|
| LEADER | 00847nam a2200241 4500 | ||
|---|---|---|---|
| 001 | DLU120141155 | ||
| 005 | ##20120724 | ||
| 040 | # | # | |a DLU |b vie |
| 041 | # | # | |a vie |
| 044 | # | # | |a vn |
| 100 | # | # | |a Nguyễn Trí Minh. |
| 245 | # | # | |a Sản xuất thử nghiệm: Giống cây Dâu tây, Salem và Địa lan tại Đà Lạt bằng công nghệ nuôi cấy mô quang tự dưỡng / |c Nguyễn Trí Minh. |
| 700 | # | # | |a . |
| 773 | # | # | |t Tóm tắt kết quả nghiên cứu: Khoa học và công nghệ tỉnh Lâm Đồng giai đoạn 2004 - 2010, |g 2011, tr. 309-312 |
| 920 | # | # | |a Phòng Tạp chí -- Trung tâm Thông tin - Thư viện Trường Đại học Đà Lạt |
| 994 | # | # | |a DLU |
| 900 | # | # | |a True |
| 911 | # | # | |a Nguyễn Thị Mai Anh |
| 925 | # | # | |a G |
| 926 | # | # | |a A |
| 927 | # | # | |a BB |
| 980 | # | # | |a Thư viện Trường Đại học Đà Lạt |